[Event "Osasco Carvalho Memorial"]
[Site "Osasco"]
[Date "2022.02.19"]
[Round "2"]
[White "Ferreira, Paula Rodrigues"]
[Black "Alboredo, Ricardo"]
[Result "0-1"]
[WhiteElo "1800"]
[BlackElo "1800"]
[PlyCount "58"]
[EventDate "2022.02.18"]
[EventType "swiss"]
[EventRounds "6"]
[EventCountry "BRA"]
[SourceTitle "CBM 207 Extra"]
[Source "ChessBase"]
[SourceDate "2022.05.31"]
[SourceVersion "1"]
[SourceVersionDate "2022.05.31"]
[SourceQuality "1"]

1. e4 e5 2. Nf3 Nc6 3. Nc3 Bc5 4. Bc4 d6 5. Ng5 Qxg5 6. d4 Qxg2 7. Rf1 Nxd4 8. Be3 Nf3+ 9. Ke2 Nxh2 10. Re1 Bg4+ 11. Kd2 Bxd1 12. Raxd1 Nf3+ 13. Ke2 Nxe1 14. Rxe1 Bxe3 15. Kxe3 Nf6 16. Nb5 Qxe4+ 17. Kd2 Qxc4 18. Na3 Ne4+ 19. Ke3 Qd4+ 20. Kf3 Qxf2+ 21. Kxe4 Qxe1+ 22. Kd5 0-0-0 23. Nb5 Qa5 24. Kc4 d5+ 25. Kc5 b6+ 26. Kc6 Rd7 27. c3 Re8 28. b4 Re6+ 29. Nd6+ Rdxd6# 0-1